Central Library OPAC University of Rajshahi

Digital design / (Record no. 37963)

MARC details
000 -LEADER
fixed length control field 00756nam a2200265 a 4500
001 - CONTROL NUMBER
control field 37963
003 - CONTROL NUMBER IDENTIFIER
rucl marc code (BD-RjUL)
005 - DATE AND TIME OF LATEST TRANSACTION
control field 20211209052709.0
008 - FIXED-LENGTH DATA ELEMENTS--GENERAL INFORMATION
fixed length control field 500101s1991 enka 001 0 eng d
020 ## - INTERNATIONAL STANDARD BOOK NUMBER
International Standard Book Number 9788120308350
International Standard Book Number 8120308352
035 ## - SYSTEM CONTROL NUMBER
System control number (BD-RjUL)
040 ## - CATALOGING SOURCE
Original cataloging agency UKM
Transcribing agency (BD-RjUL)
082 ## - DEWEY DECIMAL CLASSIFICATION NUMBER
Classification number 621.395
Edition number 20
Author mark and year MAD 2001
100 1# - MAIN ENTRY--PERSONAL NAME
Personal name Mano, M. Morris,
9 (RLIN) 117600
245 10 - TITLE STATEMENT
Title Digital design /
Statement of responsibility, etc. M. Morris Mano.
250 ## - EDITION STATEMENT
Edition statement 2nd ed.
260 ## - PUBLICATION, DISTRIBUTION, ETC. (IMPRINT)
Place of publication, distribution, etc. New Delhi :
Name of publisher, distributor, etc. Prentice-Hall of India ,
Date of publication, distribution, etc. c1991 [2001 reprint].
300 ## - PHYSICAL DESCRIPTION
Pagination xi, 516 p. :
Illustrations ill. ;
Size 24 cm.
500 ## - GENERAL NOTE
General note Includes index.
650 #0 - SUBJECT ADDED ENTRY--TOPICAL TERM
Topical term or geographic name as entry element Logic circuits.
9 (RLIN) 117601
Topical term or geographic name as entry element Electronic digital computers
General subdivision Circuits.
9 (RLIN) 117602
942 ## - ADDED ENTRY ELEMENTS (KOHA)
Source of classification or shelving scheme Dewey Decimal Classification
Koha item type Books
Holdings
Lost status Source of classification or shelving scheme Damaged status Not for loan Permanent Location Current Location Shelving location Date acquired Total Checkouts Full call number Date last seen Copy number Koha item type
  Dewey Decimal Classification   Not For Loan Department of Information and Communication Engineering (ICE) Library Department of Information and Communication Engineering (ICE) Library Seminar Library 19/08/2015   621.395 MAD 2001 19/08/2015 C.1 Books